| 000 | 00806nam a2200241 a 4500 | ||
|---|---|---|---|
| 999 |
_c3187 _d3187 |
||
| 001 | 3187 | ||
| 003 | BD-JhCC | ||
| 005 | 20171112103309.0 | ||
| 008 | 171111s1985 bg |||| ||a| 000 0 ben d | ||
| 035 | _a(BD-JhCC)3187 | ||
| 040 |
_aBD-JhCC _dBD-JhCC |
||
| 041 | _aben | ||
| 082 |
_a342.95492 _bRAH 1985 |
||
| 100 | _aরহমান, গাজী শামছুর | ||
| 245 |
_aবাংলাদেশের সংবিধান / _cগাজী শামছুর রহমান |
||
| 260 |
_aঢাকা : _bবাংলা একাডেমী, _c1985. |
||
| 300 |
_a113 p. : _c18 cm. |
||
| 490 | _aSeries in honour of the Martyrs of the Language Movement of February 1952. | ||
| 504 | _aIncludes Bibliography | ||
| 650 | _aConstitution of Bangladesh | ||
| 942 |
_2ddc _cBK |
||